• 首页
  • 本馆介绍
  • 公告通知
  • 最新文献
  • 馆藏检索
  • 电子资源
  • 读者导购
  • 参考咨询
  • 我的图书馆
  • 登录
  • 详细信息显示
  • 放入我的书架
  • 预约/预借图书
  • 作者相关作品
  • 分类相关作品
  • 丛书相关作品
  • 出版社相关作品

书目信息

  • 表格格式
  • 工作单格式
  • 卡片格式
题名:
世界电影史
    
 
作者: 波德维尔 , 汤普森 著 ;范倍 译
分册:  
出版信息: 北京   北京大学出版社  2019.2
页数: xi, 974页
开本: 27cm
丛书名: 培文·电影
单 册:
中图分类: J909.1
科图分类:
主题词: 电影史--世界
电子资源:
ISBN: 978-7-301-23183-8
000 01325nam 2200337 45
001 012001000929
005 20130910093940.0
010    @a978-7-301-23183-8@dCNY198.00
099    @aCAL 012014012496
100    @a20140225d2014 em y0chiy0110 ea
101 1  @achi@ceng
102    @aCN@b110000
105    @aa a 000yy
106    @ar
200 1  @a世界电影史@AShi Jie Dian Ying Shi@f(美) 大卫·波德维尔, 克里斯汀·汤普森著@d= Film history@fDavid Bordwell, Kristin Thompson@g范倍译@zeng
210    @a北京@c北京大学出版社@d2019.2
215    @axi, 974页@c图 (部分彩图)@d27cm
225 2  @a培文·电影@Apei wen · dian ying
305    @a据原书第2版译出
306    @a本书由麦格劳-希尔教育 (亚洲) 出版公司和北京大学出版社合作出版
320    @a有书目 (第952-962页)
330    @a本书围绕下述三个基本问题展开:电影媒介的使用怎样随着时间变化而变化以及形成了怎样的规范?、电影工业的状况对电影媒介的使用造成了怎样的影响?、电影媒介自身和电影市场中的国际性趋势是怎样出现的?
461  0 @12001 @a培文·电影
500 10 @aFilm history@mChinese
606 0  @a电影史@y世界
690    @aJ909.1@v5
701  1 @a波德维尔@ABo De Wei Er@g(Bordwell, David)@4著
701  1 @a汤普森@ATang Pu Sen@g(Thompson, Kristin)@4著
702  0 @a范倍@AFan Bei@4译
801    @aCN@b江苏凤凰@c20211018
905    @b1341557-9@dJ909.1@e394@f3
    
    世界电影史/(美) 大卫·波德维尔, 克里斯汀·汤普森著= Film history/David Bordwell, Kristin Thompson/范倍译.-北京:北京大学出版社,2019.2
    xi, 974页:图 (部分彩图);27cm.-(培文·电影)
    
    
    ISBN 978-7-301-23183-8:CNY198.00
    本书围绕下述三个基本问题展开:电影媒介的使用怎样随着时间变化而变化以及形成了怎样的规范?、电影工业的状况对电影媒介的使用造成了怎样的影响?、电影媒介自身和电影市场中的国际性趋势是怎样出现的?
●
相关链接 在E读中查询图书 在五车中查询图书 在当当中查询图书 在豆瓣中查询图书


正题名:世界电影史     索取号:J909.1/394         预约/预借

序号 登录号 条形码 馆藏地/架位号 状态 备注
1 1341557   213415570   第一样本阅览室/ [索取号:J909.1/394] 在馆    
2 1341558   213415589   第一借阅区/ [索取号:J909.1/394] 在馆    
3 1341559   213415598   第一借阅区/ [索取号:J909.1/394] 在馆    
唐山师范学院图书馆 欢迎您!
大连网信软件有限公司© 版权所有